000 00238nam a22000857a 4500
008 160705b xxu||||| |||| 00| 0 eng d
100 _92159
_a National Book Trust
245 _aFestivals of India
260 _aNew Delhi
_bNational Book Trust
_c2004
999 _c1851
_d1851